Countries with most beauty pageants winners - Statistics

General Stats
  • This quiz has been taken 65 times
  • The average score is 15 of 21
Answer Stats
Winners Country % Correct
16 United States
97%
6 Brazil
92%
4 France
90%
5 Colombia
89%
10 India
87%
6 Mexico
85%
6 United Kingdom
85%
24 Venezuela
85%
8 Australia
79%
5 Spain
79%
6 South Africa
74%
6 Sweden
73%
15 Philippines
71%
5 Germany
66%
4 Argentina
65%
5 Poland
61%
4 Finland
58%
10 Puerto Rico
55%
4 Netherlands
44%
4 Jamaica
32%
4 Iceland
16%
No matching quizzes found
Score Distribution
Percent of People with Each Score
Percentile by Number Answered
Your Score History
You have not taken this quiz